000
00263nam a2200097Ia 4500
001
952757
005
20250826215713.0
008
250824s9999 xx 000 0 und d
245
0
_a
KOVUN BENİ BU OKULDAN
_c
HALENUR ÇALIŞAN GÜRBÜZ
260
_b
TAZE KİTAP YAYINLARI
999
_c
952757
_d
952757